000 00587nam a2200229Ia 4500
003 OSt
005 20221007081052.0
006 a|||||r|||| 00| 0
007 ta
008 221006b |||||||| |||| 00| 0 eng d
024 _a19,386
037 _cTextual
040 _aFLL
_cFLL
_beng
041 _2eng
_aeng
082 _aZ:91, L0
100 _aKent E.A. Au.
_9696300
245 0 _aLaw and philosophy
260 _aNew York
_bMeredith corporation U.S.A.
_c1970
300 _a633p
_ccm.
942 _hZ:91, L0
_cTEXL
_2CC
999 _c1161873
_d1161873